| 000 | 01997nam0a22003851 4500 | ||
|---|---|---|---|
| 001 | RU\INFOCOMM_327\NLR\5000035206 | ||
| 005 | 20250613110842.0 | ||
| 035 | _a(NLR Aleph) 009575894 | ||
| 090 |
_a9159281 _c9159281 |
||
| 100 | _a20130220d1968 |||y0rusy50 ca | ||
| 101 | 0 | _aeng | |
| 102 | _aRU | ||
| 105 | _ay z ||||| | ||
| 200 | 1 |
_aDevelopment of heat recovery plants in Italy in the five-year period 1962-1967 _dÉvolution des installations thermiques à récupération en Italie de 1962 à 1967 _dРазвитие установок по рекуперации тепла в Италии за пятилетний период 1962-1967 г. _fBy Prof. Dr. Mario Medici ..., Dr. Eng. Alberto Molli ... [and] Dr. Eng. Luigi Chiappa ... _zfre _zrus |
|
| 210 |
_a[M. _d1968] |
||
| 215 |
_a10 с. _d21 см |
||
| 225 | 1 |
_aPaper _fVIII World power conference, Москва, 20-24 авг. 1968. Section F _v37 |
|
| 300 | _aБез тит. л. и обл. | ||
| 300 | _aНадзаголовок также на рус. яз.: VII Мировая энергетическая конференция; и на франц. яз.: VII Conférence mondiale de l'énergie | ||
| 300 | _aРезюме на франц. и рус. яз. | ||
| 309 | _aОтпеч. множит. аппаратом | ||
| 510 | 1 |
_aÉvolution des installations thermiques à récupération en Italie de 1962 à 1967 _zfre |
|
| 510 | 1 |
_aРазвитие установок по рекуперации тепла в Италии за пятилетний период 1962-1967 г. _zrus |
|
| 606 | 0 |
_aРекуператоры _yИталия _91507710 _3RU\NLR\AUTH\66956203 |
|
| 620 | _aМосква | ||
| 686 |
_aТ6-1738 _2rubbk |
||
| 700 | 1 |
_aMedici _bM. _f1899- _gMario |
|
| 701 | 1 |
_aMolli _bA. _gAlberto |
|
| 701 | 1 |
_aChiappa _bL. _gLuigi |
|
| 712 | 1 | 2 |
_aWorld power conference _d7 _eMoscow _f1968 _4570 |
| 801 | 1 |
_aRU _bInfocomm _c20130220 |
|
| 801 | 0 |
_aRU _bINFOCOMM _gPSBO |
|
| 852 |
_aNLR _jТ15 Д-4/11 |
||
| 942 | _cBOOK | ||
| 980 | _aNB | ||